| 000 | 00000nas##2200000za#4500 |
| 001 | 9.500620 |
| 003 | CaOODSP |
| 005 | 20220107134149 |
| 007 | cr ||||||||||| |
| 008 | 150406c1998||||xxc|| p o||||f| |0fre|d |
| 040 | |aCaOODSP|bfre |
| 041 | |aeng |
| 041 | |afre |
| 043 | |an-cn--- |
| 086 | 1 |aHP17-3-PDF |
| 110 | 2 |aCentre national d'information sur la violence dans la famille (Canada) |
| 245 | 10|aRépertoire canadien des programmes de traitement pour les hommes violents envers leur conjointe |h[ressource électronique] |
| 260 | |aOttawa - Ontario : |bAgence de santé publique du Canada. |c1998-. |
| 310 | |aIrrégulier |
| 500 | |aPublié par Santé Canada jusqu'à 2004. |
| 546 | |a(Bilingue) |
| 691 | 07|aProgrammes sociaux|2gcpds |
| 691 | 07|aService d'orientation|2gcpds |
| 691 | 07|aViolence faite aux femmes|2gcpds |
| 691 | 07|aViolence familiale|2gcpds |
| 791 | |tCanada's treatment programs for men who abuse their partners |eeng|w(CaOODSP)9.500619 |